|
|
|
แสดงรายละเอียดบรรณานุกรม |
|
|
Brief Record
: Get Marc (ISO 2709)
: E-mail record
: |
|
|
| LEADER 00000nam 2200000uu 4500 | |||
| 001 49705 | |||
| 003 ULIBM | |||
| 008 170117s||||||||th 000 0 tha d | |||
| 082 0 ^a อ.500 ^b ค-ส | |||
| 110 0 ^a คณะบรรณาธิการของไทม์ - ไลฟ์ บุ๊คส์ | |||
| 245 00 ^a สัตว์เลี้ยงลูกด้วยนม /^c คณะบรรณาธิการของไทม์ - ไลฟ์ บุ๊คส์ | |||
| 260 ^a กรุงเทพฯ: ^b มาร์เก็ทติ้ง มีเดีย แอสโซซิเอตส์, ^c ม.ป.ป. | |||
| 300 ^a 192 หน้า | |||
| 999 ^aลภัสรดา แสงบุญเรือง | |||
| คุณยังไม่ได้ล็อกอิน คุณสามารถมีกิจกรรมร่วมกับเว็บไซต์ได้ แต่ต้องล็อกอินก่อน :: |
|
| สถานะ | |||||||||
| 1. | หนังสือ สถานะ=ใช้ในห้องสมุดเท่านั้น | อ.500 ค-ส c.1 Barcode: 058644 | ►หนังสืออ้างอิง | On Shelf | |||||
| [แสดง 1/1 รายการ] | |||||||||

BibComment |
| คอมเมนท์ทรัพยากรรายการนี้ |
|
|
ห้องสมุดโรงเรียนสามัคคีวิทยาคม
159 ถ.บรรพปราการ ต.เวียง อ.เมือง จ.เชียงราย 57000
โทร. 053-711018 โทรสาร 053-713003